000 00495nam a2200193Ia 4500
003 GCL
008 140319s9999 xx 000 0 eng d
040 _aGCL /
_cGCL
082 0 4 _a443.23
_bH H
100 1 _aHARRAP
245 1 0 _aHARRAP'S SHORTER FRENCH AND ENGLISH DICTIONARY /
_cHARRAP
260 _a[S.N] :
_bHARRAP ،
_c1992
300 _a812P
650 0 4 _aENGLISH DICTIONARY
650 0 4 _aFRENCH LANGUAGE
650 0 4 _aDICTIONARIES
650 0 4 _aFRENCH DICTIONARY
942 _2ddc
_cBK
999 _c11688
_d11688